<?xml version="1.0" encoding="UTF-8"?>
<record
    xmlns:xsi="http://www.w3.org/2001/XMLSchema-instance"
    xsi:schemaLocation="http://www.loc.gov/MARC21/slim http://www.loc.gov/standards/marcxml/schema/MARC21slim.xsd"
    xmlns="http://www.loc.gov/MARC21/slim">

  <leader>00320nam a2200133Ia 4500</leader>
  <controlfield tag="008">191201s2007    xx            000 0 und d</controlfield>
  <datafield tag="082" ind1=" " ind2=" ">
    <subfield code="a">658.80285</subfield>
    <subfield code="b">KAE</subfield>
  </datafield>
  <datafield tag="100" ind1=" " ind2=" ">
    <subfield code="a">Kalakota, Ravi</subfield>
  </datafield>
  <datafield tag="245" ind1=" " ind2="0">
    <subfield code="a">Electronic Commerce</subfield>
  </datafield>
  <datafield tag="260" ind1=" " ind2=" ">
    <subfield code="a">N.Delhi</subfield>
    <subfield code="b">Pearson Education</subfield>
    <subfield code="c">2007</subfield>
  </datafield>
  <datafield tag="300" ind1=" " ind2=" ">
    <subfield code="a">431</subfield>
  </datafield>
  <datafield tag="650" ind1=" " ind2=" ">
    <subfield code="a">MBA</subfield>
  </datafield>
  <datafield tag="942" ind1=" " ind2=" ">
    <subfield code="2">ddc</subfield>
    <subfield code="c">BK</subfield>
    <subfield code="0">2</subfield>
  </datafield>
  <datafield tag="999" ind1=" " ind2=" ">
    <subfield code="c">3342</subfield>
    <subfield code="d">3342</subfield>
  </datafield>
  <datafield tag="952" ind1=" " ind2=" ">
    <subfield code="0">0</subfield>
    <subfield code="1">0</subfield>
    <subfield code="2">ddc</subfield>
    <subfield code="4">0</subfield>
    <subfield code="7">0</subfield>
    <subfield code="8">MBA</subfield>
    <subfield code="a">PIET</subfield>
    <subfield code="b">PIET</subfield>
    <subfield code="d">2008-01-28</subfield>
    <subfield code="e">J B C, New Delhi</subfield>
    <subfield code="g">350.00</subfield>
    <subfield code="k">1909</subfield>
    <subfield code="l">0</subfield>
    <subfield code="o">381.142 KAE</subfield>
    <subfield code="p">8610</subfield>
    <subfield code="r">2019-12-04 00:00:00</subfield>
    <subfield code="w">2008-10-09</subfield>
    <subfield code="y">BK</subfield>
  </datafield>
  <datafield tag="952" ind1=" " ind2=" ">
    <subfield code="0">0</subfield>
    <subfield code="1">0</subfield>
    <subfield code="2">ddc</subfield>
    <subfield code="4">0</subfield>
    <subfield code="7">0</subfield>
    <subfield code="8">MBA</subfield>
    <subfield code="a">PIET</subfield>
    <subfield code="b">PIET</subfield>
    <subfield code="d">2008-01-28</subfield>
    <subfield code="e">J B C, New Delhi</subfield>
    <subfield code="g">350.00</subfield>
    <subfield code="k">1909</subfield>
    <subfield code="l">1</subfield>
    <subfield code="o">381.142 KAE</subfield>
    <subfield code="p">8611</subfield>
    <subfield code="r">2021-12-16 00:00:00</subfield>
    <subfield code="s">2021-12-02</subfield>
    <subfield code="w">2008-10-09</subfield>
    <subfield code="y">BK</subfield>
  </datafield>
  <datafield tag="952" ind1=" " ind2=" ">
    <subfield code="0">0</subfield>
    <subfield code="1">0</subfield>
    <subfield code="2">ddc</subfield>
    <subfield code="4">0</subfield>
    <subfield code="7">0</subfield>
    <subfield code="8">MBA</subfield>
    <subfield code="a">PIET</subfield>
    <subfield code="b">PIET</subfield>
    <subfield code="d">2008-01-28</subfield>
    <subfield code="e">J B C, New Delhi</subfield>
    <subfield code="g">350.00</subfield>
    <subfield code="k">1909</subfield>
    <subfield code="l">1</subfield>
    <subfield code="o">381.142 KAE</subfield>
    <subfield code="p">8612</subfield>
    <subfield code="q">2022-07-21</subfield>
    <subfield code="r">2022-01-22 00:00:00</subfield>
    <subfield code="s">2022-01-22</subfield>
    <subfield code="w">2008-10-09</subfield>
    <subfield code="y">BK</subfield>
    <subfield code="z">.</subfield>
  </datafield>
  <datafield tag="952" ind1=" " ind2=" ">
    <subfield code="0">0</subfield>
    <subfield code="1">0</subfield>
    <subfield code="2">ddc</subfield>
    <subfield code="4">0</subfield>
    <subfield code="7">0</subfield>
    <subfield code="8">MBA</subfield>
    <subfield code="a">PIET</subfield>
    <subfield code="b">PIET</subfield>
    <subfield code="d">2008-01-28</subfield>
    <subfield code="e">J B C, New Delhi</subfield>
    <subfield code="g">350.00</subfield>
    <subfield code="k">1909</subfield>
    <subfield code="l">1</subfield>
    <subfield code="o">381.142 KAE</subfield>
    <subfield code="p">8613</subfield>
    <subfield code="r">2024-11-13 00:00:00</subfield>
    <subfield code="s">2024-11-04</subfield>
    <subfield code="w">2008-10-09</subfield>
    <subfield code="y">BK</subfield>
  </datafield>
  <datafield tag="952" ind1=" " ind2=" ">
    <subfield code="0">0</subfield>
    <subfield code="1">0</subfield>
    <subfield code="2">ddc</subfield>
    <subfield code="4">0</subfield>
    <subfield code="7">0</subfield>
    <subfield code="8">MBA</subfield>
    <subfield code="a">PIET</subfield>
    <subfield code="b">PIET</subfield>
    <subfield code="d">2008-01-28</subfield>
    <subfield code="e">J B C, New Delhi</subfield>
    <subfield code="g">350.00</subfield>
    <subfield code="k">1909</subfield>
    <subfield code="l">1</subfield>
    <subfield code="o">381.142 KAE</subfield>
    <subfield code="p">8614</subfield>
    <subfield code="r">2024-10-01 00:00:00</subfield>
    <subfield code="s">2024-09-17</subfield>
    <subfield code="w">2008-10-09</subfield>
    <subfield code="y">BK</subfield>
  </datafield>
</record>
